header

The Carnegie Maya III (Record no. 123389)

MARC details
000 -LEADER
fixed length control field 01778nam a2200409 a 4500
082 04 - DEWEY DECIMAL CLASSIFICATION NUMBER
Classification number 972/.6
245 04 - TITLE STATEMENT
Title The Carnegie Maya III
260 ## - PUBLICATION, DISTRIBUTION, ETC. (IMPRINT)
Place of publication Boulder [Colo.] :
Name of publisher University Press of Colorado,
Year of publication c2011.
300 ## - PHYSICAL DESCRIPTION
Number of Pages xix, 614 p. :
Other physical details ill.
650 #0 - SUBJECT ADDED ENTRY--TOPICAL TERM
Topical Term Mayas
Topical Term Mayas
Topical Term Ethnological expeditions
Topical Term Archaeological expeditions
700 1# - ADDED ENTRY--PERSONAL NAME
Personal name Weeks, John M.
856 40 - ELECTRONIC LOCATION AND ACCESS
Uniform Resource Identifier http://site.ebrary.com/lib/rucke/Doc?id=10457066

No items available.

© 2026 Rongo University
Contact us: librarian | system librarian | Rongo university